[Event "Zagreb op"]
[Site "Zagreb"]
[Date "2015.04.17"]
[Round "1"]
[White "Mitrovic, Milivoj"]
[Black "Cebalo, Miso"]
[Result "0-1"]
[WhiteElo "1943"]
[BlackElo "2379"]
[PlyCount "60"]
[EventDate "2015.04.17"]
[EventType "swiss"]
[EventRounds "9"]
[EventCountry "CRO"]
[SourceTitle "CBM 166 Extra"]
[Source "ChessBase"]
[SourceDate "2015.06.18"]
[SourceVersion "1"]
[SourceVersionDate "2015.06.18"]
[SourceQuality "1"]

1. Nf3 c5 2. c4 g6 3. g3 Bg7 4. Bg2 Nc6 5. 0-0 d6 6. Nc3 Bg4 7. h3 Bd7 8. d3 a6 9. a3 Rb8 10. Rb1 b5 11. Nd2 bxc4 12. Nde4 f5 13. Nd2 cxd3 14. exd3 Nf6 15. Nc4 0-0 16. Bd2 Qc7 17. Re1 e5 18. Nd5 Nxd5 19. Bxd5+ Kh8 20. Bc3 Rfe8 21. f4 exf4 22. Bxg7+ Kxg7 23. gxf4 Nd4 24. Qd2 Bb5 25. Ne3 Qd8 26. Qf2 Bxd3 27. Rbd1 Be4 28. Bxe4 Rxe4 29. Nd5 Qe8 30. Kg2 Qc6 0-1

[Event "CRO-chT3 Center-A"]
[Site "Zagreb"]
[Date "2011.10.16"]
[Round "8.13"]
[White "Ivekovic, Bozidar1111"]
[Black "Mitrovic, Milivoj"]
[Result "1-0"]
[WhiteElo "2106"]
[BlackElo "1996"]
[PlyCount "89"]
[EventDate "2011.03.13"]
[EventType "team-tourn"]
[EventRounds "11"]
[EventCountry "CRO"]
[SourceTitle "EXT 2014"]
[Source "ChessBase"]
[SourceDate "2013.11.20"]
[SourceVersion "1"]
[SourceVersionDate "2013.11.20"]
[SourceQuality "1"]

1. e4 c5 2. Nf3 Nc6 3. d4 cxd4 4. Nxd4 Nf6 5. Nc3 e6 6. Be2 Bb4 7. 0-0 Bxc3 8. bxc3 Nxe4 9. Bf3 Nc5 10. Nb5 0-0 11. Qd6 Qe7 12. Qxe7 Nxe7 13. Nc7 Rb8 14. Bf4 Nf5 15. Nxe6 fxe6 16. Bxb8 d5 17. Bxa7 Na4 18. Bd4 Bd7 19. Rab1 Nd6 20. Rb4 Rc8 21. Rb3 Nb5 22. h3 b6 23. Bg4 Nxd4 24. cxd4 Rxc2 25. Re1 Kf7 26. Rf3+ Ke7 27. Rfe3 Rc6 28. f4 Kf6 29. Be2 Nc3 30. a3 Ne4 31. Bb5 Rc7 32. Bd3 Nd6 33. Bxh7 g6 34. Bxg6 Nc4 35. Rg3 Nxa3 36. Rxa3 Kxg6 37. Rg3+ Kf6 38. h4 Be8 39. Rg5 Rc4 40. f5 Bf7 41. fxe6 Bxe6 42. Rf1+ Ke7 43. Re5 Kd7 44. Rf6 Bg8 45. Rg5 1-0

[Event "CRO-chT3A Center"]
[Site "Zagreb"]
[Date "2010.10.17"]
[Round "7.26"]
[White "Mitrovic, Milivoj"]
[Black "Cvitkovic, Filip"]
[Result "1-0"]
[WhiteElo "2040"]
[BlackElo "1857"]
[PlyCount "81"]
[EventDate "2010.03.21"]
[EventType "team-tourn"]
[EventRounds "11"]
[EventCountry "CRO"]
[SourceTitle "EXT 2012"]
[Source "ChessBase"]
[SourceDate "2011.11.24"]
[SourceVersion "1"]
[SourceVersionDate "2011.11.24"]
[SourceQuality "1"]

1. Nf3 Nf6 2. d4 c5 3. c4 cxd4 4. Nxd4 e5 5. Nc2 d5 6. cxd5 Qxd5 7. Qxd5 Nxd5 8. e4 Nb4 9. Nxb4 Bxb4+ 10. Nd2 Nc6 11. a3 Bc5 12. Nb3 Bb6 13. Bc4 Bd7 14. 0-0 Rf8 15. Be3 Bxe3 16. fxe3 b6 17. Bd5 Rc8 18. Rac1 Ke7 19. Nd2 f6 20. b4 Rfd8 21. Nf3 Rc7 22. b5 Rdc8 23. bxc6 Bxc6 24. Rfd1 Bxd5 25. Rxc7+ Rxc7 26. exd5 Rc3 27. Kf2 Rxa3 28. Rc1 b5 29. e4 a5 30. Rc7+ Kd6 31. Rxg7 b4 32. Rf7 a4 33. Rxf6+ Kc7 34. d6+ Kb7 35. Nxe5 b3 36. Rf7+ Ka6 37. d7 Ra2+ 38. Kg3 Rd2 39. Nc4 Rd4 40. e5 Kb5 41. Nd6+ 1-0

[Event "Zagreb op-B"]
[Site "Zagreb"]
[Date "2009.03.27"]
[Round "7"]
[White "Mihalincic, Tomislav"]
[Black "Mitrovic, Milivoj"]
[Result "1-0"]
[WhiteElo "2244"]
[BlackElo "2012"]
[PlyCount "69"]
[EventDate "2009.03.21"]
[EventType "swiss"]
[EventRounds "9"]
[EventCountry "CRO"]
[SourceTitle "CBM 129 Extra"]
[Source "ChessBase"]
[SourceDate "2009.05.05"]
[SourceVersion "2"]
[SourceVersionDate "2009.05.20"]
[SourceQuality "1"]

1. e4 c5 2. Nf3 Nc6 3. d4 cxd4 4. Nxd4 Nf6 5. Nc3 e5 6. Ndb5 d6 7. a4 Be6 8. Bg5 a6 9. Na3 Be7 10. Bxf6 gxf6 11. Bc4 Nd4 12. Nd5 Rg8 13. c3 Bxd5 14. exd5 Nf5 15. Qh5 Qd7 16. Bd3 Ng7 17. Qxh7 0-0-0 18. Nc4 Qg4 19. Ne3 Qh5 20. Qxh5 Nxh5 21. g3 Bf8 22. Be2 Ng7 23. Bg4+ Kb8 24. h4 Ne8 25. Bf5 Ng7 26. Bd3 Re8 27. Be4 Nh5 28. Ke2 Bh6 29. Nf5 Bf8 30. a5 Rc8 31. Kd3 Ng7 32. Nh6 f5 33. Bxf5 Nxf5 34. Nxg8 Bg7 35. g4 1-0

[Event "Zagreb op-B"]
[Site "Zagreb"]
[Date "2008.05.13"]
[Round "2"]
[White "Mitrovic, Milivoj"]
[Black "Curic, Drazen"]
[Result "0-1"]
[WhiteElo "2062"]
[BlackElo "2204"]
[PlyCount "80"]
[EventDate "2008.05.12"]
[EventType "swiss"]
[EventRounds "9"]
[EventCountry "CRO"]
[SourceTitle "CBM 124 Extra"]
[Source "ChessBase"]
[SourceDate "2008.07.03"]
[SourceVersion "1"]
[SourceVersionDate "2008.07.03"]
[SourceQuality "1"]

1. e4 d6 2. d4 Nf6 3. Nc3 c6 4. f4 Qa5 5. Bd3 e5 6. dxe5 dxe5 7. Nf3 Nbd7 8. 0-0 Be7 9. Qe1 Qc7 10. f5 b5 11. a3 a5 12. Nd1 Ba6 13. Kh1 c5 14. c3 c4 15. Bc2 0-0 16. Rg1 Nc5 17. Nf2 Rfd8 18. g4 Bb7 19. g5 Ne8 20. f6 Bf8 21. Ng4 g6 22. Nf2 Nd6 23. Rg4 Re8 24. h4 Rad8 25. Be3 Nd3 26. Bxd3 cxd3 27. b4 Nc4 28. Bd2 Rc8 29. a4 Nxd2 30. Qxd2 Qxc3 31. Qxc3 Rxc3 32. bxa5 b4 33. Rgg1 Bc5 34. Rg2 Bxf2 35. Rxf2 Bxe4 36. Kg2 d2 37. Rd1 Rd8 38. a6 h5 39. a7 b3 40. Kf1 Rxf3 0-1